000 00672nam a2200193 a 4500
001 000040116
005 20201002033928.0
008 130808s1988 pr ac 000 0 spa d
040 _aDO-SdBNP
_bspa
_cBNPHU
100 1 _aCórdova, Lieban
_966379
245 1 0 _a7 años con Muñoz Marín /
_cLieban Córdova ; prólogo Armando A. Miranda.
246 1 3 _aSiete años con Muñoz Marín
250 _a7a ed.
260 _aArecibo, Puerto Rico :
_bCorripio,
_c1988.
300 _a291 p. :
_bils., retrs. ;
_c24 cm.
500 _aIncluye índice de nombres
500 _aIncluye datos biográficos del autor en la contracubierta
700 1 _aMiranda, Armando A.,
_epról.
_966380
999 _c39606
_d39606